000
00260 a2200097 4500
001
23151
100
_a
Afzal, M R
245
_a
Selected Speeches & Statements of the Quaid-i-Azam M A Junnah
260
_a
_b
Research Society of Pak
_c
1966
090
_c
15691
_d
15691
942
_a
NUST-CAE
_c
M
_c
6326
999
_c
258224
_d
258224